00349 a2200133 4500001000700000020001800007040001100025100002500036240006500061245006000126300000800186362000900194440001200203190717 a85-00-01356-7 cMagnum aStrausz, Rosa Amanda10a13 Dos melhores contos de amor da literatura brasileiralpor10a13 Dos melhores contos de amor da literatura brasileira a1560 a2003 1aEdiouro